Statistics for Random Batman quiz

Click here to take the quiz!

General Stats

  • This quiz has been taken 18 times
  • The average score is 5 of 10

Answer Stats

HintAnswer% Correct
What is Edward Nygma's alter-ego?The Riddler
94%
Which Robin does Joker 'kill' in the comic "A Death in the Family"?Jason Todd/Red Hood
75%
What is Barbara Gordon's alter-ego AFTER she was shot by Joker?Oracle
75%
What grants Ra's Al Ghul almost invincibility?Lazarus Pit
63%
Who is the third robin?Tim Drake/Red Robin
63%
What does each of Victor Zsasz's scars represent?Kills
38%
Which country flag does Azrael's suit ressemble?England
31%
What Gotham underground organisation is led by Rebecca March?The Court of Owls
19%
Why does Batman use bats as his symbol?His fear for them
0%
Zatanna is a descendent of what real life famous artist/musician?Leonardo da Vinci
0%

Score Distribution

Percentile by Number Answered

Percent of People with Each Score

Your Score History

You have not taken this quiz